000 01093nam a22003017a 4500
001 10145
003 FISKH
005 20260424135014.0
008 260424b cb ||||| |||| 00| 0 eng d
020 _a9780462001197
040 _aFISKH
_beng
_cFISKH
_dFISKH
050 _aPZ7
082 _a599.53
100 _aEdwards, Sarah
_eAuthor
245 _aPeople and dolphins /
_cWritten by Sarah Edwards
250 _aFirst published 2008
260 _aLondon :
_bMarshall Cavendish ,
_c2008
300 _a16 pages :
_bphotographs ;
_c19 cm
490 _aMy Pals Are Here ! Reading Stars :
_v14c
505 _aJ
520 _aThe book explains how people and dolphins interact. It describes dolphins, where they live, and how humans observe, care for, or learn from them. The text highlights the connection between humans and animals and encourages respect for marine life.
521 8 _a500
_bLexile estimate
521 8 _aJ
_bRaz-Plus
650 _aDolphins
_vMarine animals
650 _aOcean
_vHuman-animal interaction
942 _2ddc
_cBK
_n0
999 _c10145
_d10145